000 00610nam a2200193Ia 4500
003 GCL
008 140319s9999 xx 000 0 ara d
040 _aGCL /
_cGCL
082 0 4 _a550
_bف ف
100 1 _aمحمد جمال الدين الفندى
245 1 0 _aمع القران فى الكون (هدية من محمد جمال الدين الفندى) /
_cمحمد جمال الدين الفندى
300 _a210 ص
490 _a
650 0 4 _aالاسلام والعلم
650 0 4 _aالكون
650 0 4 _aالقران والعلم
650 0 4 _aالقران - اعجاز
942 _2ddc
_cBK
999 _c46644
_d46644